000 02136nam0a2200373 4500
001 RU\NLR\BIBL_A\016225495
005 20221227153702.0
010 _a978-5-17-148302-9
_93000
021 _aRU
_bКН-П-22-077306
_9КН-П-22-6756
035 _a(NLR Aleph) 016225495
035 _a(RuMoRGB)011340594
090 _a12751355
_c12751355
100 _a20221202d2022 b y0rusy50 ca
101 0 _arus
102 _aRU
105 _aa z 000zy
181 0 _ai
_baxxe
182 0 _an
200 1 _aКрасная книга для малышей
_e[для занятий взрослых с детьми дошкольного возраста (текст читают взрослые)
_fБабенко Владимир Григорьевич]
_gАванта
203 _aТекст
_bвизуальный
_cнепосредственный
210 _aМосква
_cАванта
_cАСТ
_d2022
215 _a90, [5] с.
_cцв. ил.
_d29
225 1 _aКрасная книга нашей планеты
300 _aАвт. указан в вып. дан.
330 _aНаша "Красная книга мира для малышей" обращена к самым маленьким любителям природы, только начинающим изучать окружающий мир. В книгу вошли широко известные животные, которые всегда вызывают интерес у детей. Ведь изучать Красную книгу и учить ребят заботиться о природе надо с самого раннего детства
333 _a0+; 6-
606 1 _aКрасная книга животных
_jИздания для детей
_92554931
_3RU\NLR\AUTH\661511658
686 0 _aШ9
_bЕ6
700 1 _7ca
_8rus
_aБабенко
_bВ. Г.
_cд-р биол. наук, писатель
_f1950-
_gВладимир Григорьевич
_9122987
_3RU\NLR\AUTH\7713294
942 _cBOOK
980 _aNB